|
|
|
|
| LEADER |
00000nab a2200000uu 4500 |
| 001 |
vtls010878201 |
| 003 |
SK-MaSNL |
| 005 |
20260305014425.0 |
| 008 |
230303|2012 xo |||||||||||||||||eng| |
| 015 |
|
|
|a SNBRB
|
| 035 |
|
|
|a (urnnbn)urn:nbn:sk:snk:ar-005uwk
|
| 035 |
|
|
|a (uuid)61473ace-4b3e-428f-b457-a807c808a131
|
| 035 |
|
|
|a urn:nbn:sk:snk-ab7mfz
|
| 040 |
|
|
|a SNKBUCL
|b slo
|c SNKBUCL
|e AACR2
|
| 041 |
0 |
|
|a eng
|
| 044 |
|
|
|a xo
|c SK
|
| 080 |
|
|
|a 546.131
|2 2001
|
| 080 |
|
|
|a 620
|2 2011
|
| 100 |
1 |
|
|a Zümreoglu-Karan, Birgül
|4 aut
|9 1592533
|
| 245 |
1 |
0 |
|a Layered double hydroxides - multifunctional nanomaterials
|c Birgül Zümreoglu-Karan, Ahmet Nedim Ay
|
| 504 |
|
|
|a Bibliogr. odkazy
|
| 650 |
0 |
7 |
|a chloridy
|2 SNKPH
|9 22613
|
| 650 |
0 |
7 |
|a nanomateriály
|2 SNKPH
|9 79812
|
| 655 |
|
7 |
|a štúdie
|2 SNKPH
|9 57033
|
| 700 |
1 |
|
|a Nedim Ay, Ahmet
|4 aut
|9 1592534
|
| 773 |
0 |
|
|t Chemical papers
|g Roč. 66, č. 1 (2012), s. [1]-10
|
| 958 |
|
|
|a NB
|
| 958 |
|
|
|a OND
|
| 958 |
|
|
|a EUIPO
|
| 958 |
|
|
|a article8
|
| 999 |
|
|
|c 3269524
|d 3271454
|